The gifted child : a select annotated bibliography /

Bibliographic Details
Main Author: Start, Ann
Format: Book
Language:English
Published: Windsor : National Foundation for Educational Research, 1972.
Subjects:

MARC

Tag First Indicator Second Indicator Subfields
LEADER 00000cam a2200000 a 4500
001 in00000074454
005 20151008053542.0
008 730504s1972 enk b 00110 engm
010 |a  73156244  
015 |a B72-27617 
020 |a 0856330035 :  |c 0.55 
035 |a (OCoLC)00632909 
035 |9 AAH7813AM 
040 |a DLC  |c DLC  |d TXA  |d UtOrBLW 
049 |a TXAM  |c [1195490] 
050 0 0 |a Z5814.G5  |b S7 
082 0 |a 016.3719/5 
100 1 |a Start, Ann. 
245 1 4 |a The gifted child :  |b a select annotated bibliography /  |c compiled by Ann Start. 
264 1 |a Windsor :  |b National Foundation for Educational Research,  |c 1972. 
300 |a 40 pages ;  |c 22 cm. 
336 |a text  |b txt  |2 rdacontent 
337 |a unmediated  |b n  |2 rdamedia 
338 |a volume  |b nc  |2 rdacarrier 
500 |a Includes index. 
650 0 |a Gifted children  |x Education  |x Bibliography. 
999 |a MARS 
999 f f |s eca39ac3-cc9d-387a-8b23-9fe32b8665ec  |i 6fe6bb4a-f261-32ef-87f4-da7129d8fbc1  |t 0 
952 f f |p ric  |a Texas A&M University  |b Rellis Campus  |c Joint Library Facility  |d Remote Storage  |t 0  |e Z5814.G5 S7  |h Library of Congress classification  |i unmediated -- volume  |m A14810781134 
998 f f |a Z5814.G5 S7  |t 0  |l Remote Storage